书目信息 |
| 题名: |
男性性机能障碍
|
|
| 作者: | 张秉琪 编 | |
| 分册: | ||
| 出版信息: | 合肥 安徽科学技术出版社 1980 |
|
| 页数: | 59页 | |
| 开本: | 19cm | |
| 丛书名: | ||
| 单 册: | ||
| 中图分类: | R698 , R759 | |
| 科图分类: | ||
| 主题词: | 男性生殖器疾病:性功能障碍 , 性功能障碍:男性生殖器疾病 , 性病学 | |
| 电子资源: | ||
| ISBN: | ||
| 000 | 00725nam0 2200277 45 | |
| 001 | 0180009166 | |
| 005 | 20040524082634.2 | |
| 010 | @dCNY0.17 | |
| 091 | @a14200.15 | |
| 100 | @a19950622d1980 em y0chiy0121 ea | |
| 101 | 0 | @achi |
| 102 | @aCN@b340000 | |
| 105 | @ay z 000yy | |
| 106 | @ar | |
| 200 | 10 | @a男性性机能障碍@Anan xing xing ji neng zhang ai@f张秉琪编 |
| 210 | @a合肥@c安徽科学技术出版社@d1980 | |
| 215 | @a59页@d19cm | |
| 606 | @a男性生殖器疾病:性功能障碍 | |
| 606 | @a性功能障碍:男性生殖器疾病 | |
| 606 | 0 | @a性病学 |
| 690 | @aR698@v3 | |
| 690 | @aR759 | |
| 701 | 0 | @a张秉琪@Azhang bing qi@4编 |
| 801 | 0 | @aCN@b上海图书馆@c20040524 |
| 801 | 2 | @aCN@bNLC@c20040524 |
| 905 | @f1@b37812@dR759@e2 | |
| 男性性机能障碍/张秉琪编.-合肥:安徽科学技术出版社,1980 |
| 59页;19cm |
| ISBN :CNY0.17 |
| ● |
| 相关链接 |
|
|
|
|
正题名:男性性机能障碍
索取号:R759/2
 
预约/预借
| 序号 | 登录号 | 条形码 | 馆藏地/架位号 | 状态 | 备注 |
| 1 | 0037812 | 000717059 | 第二样本阅览室/ [索取号:R759/2] | 在馆 |